000 00626nam a2200241Ia 4500
003 OSt
005 20220918184559.0
006 a|||||r|||| 00| 0
007 ta
008 220917b |||||||| |||| 00| 0 eng d
024 _a47,163
037 _cTextual
040 _aARTS
_cARTS
_beng
041 _2eng
_aeng
082 _aP, K43;2-;3 (PD)
100 _aRobins R H
245 0 _aGeneral linguistics
_b an interductory survey
260 _c1964
490 _aLongmans' linguistics library; 2
650 _aLINGUISTICS
942 _hP, K43;2-;3 (PD)
_cTEXL
_2CC
999 _c177032
_d177032